Liedtext erkennen #6 - Statistiken

Allgemein
  • Dieses Quiz wurde 306 mal gespielt
    296 seit der letzten Aktualisierung
  • Das Durchschnittsergebnis liegt bei 74 aus 250
Antwortstatistiken
Antwort % Korrekt
ich
96%
du
94%
er
88%
sie
88%
Sie
88%
da
82%
es
79%
und
75%
der
72%
die
72%
Den
60%
den
60%
Ein
60%
ein
60%
ist
58%
war
55%
wer
54%
so
53%
was
51%
für
50%
zu
50%
nicht
48%
im
43%
dein
40%
dich
40%
Wenn
40%
wenn
40%
einer
38%
Einer
38%
oder
38%
alle
37%
einen
36%
einen...Refrain
36%
denn
34%
hat
34%
um
34%
mit
33%
noch
33%
nur
33%
gehen
31%
nach
31%
Bei
28%
bei
28%
zum
26%
kleine
25%
Leben
25%
muss
25%
viel
25%
wird
25%
Drei
24%
herz
24%
neun
24%
Neun
24%
sich
24%
zwei
24%
Zwei
24%
Acht
23%
allein
23%
fünf
23%
Fünf
23%
mehr
23%
Sechs
23%
Sieben
23%
Vier
23%
kleiner
22%
Zehn
22%
1996 Jahr
21%
einem
21%
gern
21%
Jägermeister
20%
eins
19%
Welt
19%
Einmal
18%
einmal
18%
Dort
17%
ganz
17%
Mensch
17%
Drum
15%
jeder
15%
warens
15%
gleich
14%
wurde
14%
andere
13%
ärger
13%
Die Toten Hosen Interpret
13%
gab
13%
lud
13%
neue
13%
weinen
13%
wollten
13%
Damit
12%
fort
12%
fuhr
12%
gehts
12%
gingen
12%
jeden
12%
Köln
12%
musste
12%
schnell
12%
sterben
12%
ZehnkleineJägermeister Titel
12%
Düsseldorf
11%
kam
11%
Meister
11%
umgehauen
11%
untergehen
11%
warn
11%
zerbricht
11%
davon
10%
fuhren
10%
gerne
10%
ins
10%
tranken
10%
viert
10%
Wette
10%
erben
9%
gibts
9%
triffts
9%
beim
8%
Besten
8%
fuhrn
8%
genau
8%
Joint
8%
rauchten
8%
Weihnachtsfest
8%
wurden
8%
angenommen
7%
durften
7%
Osterfest
7%
sparen
7%
Steuern
7%
Asyl
6%
baten
6%
Bundeswehr
6%
gabs
6%
kontrolliert
6%
Lokal
6%
nahms
6%
Polizist
6%
Rinderwahn
6%
Ehemann
5%
nachbezahlen
5%
Rendezvous
5%
Steaks
5%
Bohnen
4%
eingelocht
4%
hinzu
4%
unerhofft
2%
Keine übereinstimmenden Quizze gefunden
Verteilung der Resultate
Anzahl Personen mit jedem Resultat
Perzentil nach korrekt beantworteten Fragen
Ihre Resultats-Entwicklung
Sie haben dieses Quiz seit der letzten Aktualisierung nicht gespielt